Swami Vivekanand Granthavali Vol-10 (Marathi ) (Record no. 51555)

MARC details
000 -LEADER
fixed length control field 00367nam a2200133Ia 4500
008 - FIXED-LENGTH DATA ELEMENTS--GENERAL INFORMATION
fixed length control field 220530s9999 xx 000 0 und d
041 ## - LANGUAGE CODE
Language code of text/sound track or separate title eng
082 ## - DEWEY DECIMAL CLASSIFICATION NUMBER
Classification number 820
Item number SHI
100 ## - MAIN ENTRY--PERSONAL NAME
Personal name Shivtatvanand Swami
9 (RLIN) 56928
245 ## - TITLE STATEMENT
Title Swami Vivekanand Granthavali Vol-10 (Marathi )
260 ## - PUBLICATION, DISTRIBUTION, ETC. (IMPRINT)
Place of publication, distribution, etc. Nagpur
Name of publisher, distributor, etc. Ramkrushn Math Publication
Date of publication, distribution, etc. 2012
300 ## - PHYSICAL DESCRIPTION
Extent 423 P
Other physical details PB
906 ## - LOCAL DATA ELEMENT F, LDF (RLIN)
a 0
b GB
Holdings
Withdrawn status Lost status Damaged status Not for loan Collection code Home library Current library Date acquired Vendor Cost, normal purchase price Full call number Barcode Date last seen Cost, replacement price Bill Date Koha item type Original Barcode
        Non Technical Cummins College of Engineering for Women Nagpur Cummins College of Engineering for Women Nagpur 29/03/2018 Maharshi Karve Stree Shikshan Samstha, Head Office ,Pune 50.00 820/SHI/ CEWN-BK-8180 30/05/2022 50.00 30/05/2022 Books 008180